| 000 | 00454nam a22001457a 4500 | ||
|---|---|---|---|
| 999 |
_c16363 _d16363 |
||
| 008 | 170315b xxu||||| |||| 00| 0 eng d | ||
| 020 | _a0761450726 | ||
| 040 |
_aKABU _cKABU |
||
| 050 |
_aJNR PZ7 _b.M39R63 C.1 |
||
| 100 | _aMayer, Mercer | ||
| 245 |
_aThe rocking horse angel _bstory and pictures _cby Mercer Mayer |
||
| 260 |
_aNew York _bMarshall Cavendish |
||
| 300 | _a20 p. | ||
| 942 |
_2lcc _cCC _hJNR PZ7 .M39K63 C.1 |
||